Viet Nam; (Record no. 69717)
[ view plain ]
| 000 -LEADER | |
|---|---|
| fixed length control field | 00558cam4a220019300 4500 |
| 001 - CONTROL NUMBER | |
| control field | lce00821556 |
| 008 - FIXED-LENGTH DATA ELEMENTS--GENERAL INFORMATION | |
| fixed length control field | 730110s1971 vn ab 000 0 eng |
| 010 ## - LIBRARY OF CONGRESS CONTROL NUMBER | |
| LC control number | 72197609 |
| 035 ## - SYSTEM CONTROL NUMBER | |
| System control number | (Sirsi) r79121 |
| 035 ## - SYSTEM CONTROL NUMBER | |
| System control number | (DLC) 72197609 |
| 035 ## - SYSTEM CONTROL NUMBER | |
| System control number | (UPRA)lce00821556 |
| 043 ## - GEOGRAPHIC AREA CODE | |
| Geographic area code | a-vn--- |
| 050 0# - LIBRARY OF CONGRESS CALL NUMBER | |
| Classification number | DS557.A7 |
| Item number | V418 1971 |
| 245 00 - TITLE STATEMENT | |
| Title | Viet Nam; |
| Remainder of title | a sketch. |
| 260 ## - PUBLICATION, DISTRIBUTION, ETC. | |
| Place of publication, distribution, etc. | Hanoi, |
| Name of publisher, distributor, etc. | Foreign Languages Pub. House, |
| Date of publication, distribution, etc. | 1971. |
| 651 #0 - SUBJECT ADDED ENTRY--GEOGRAPHIC NAME | |
| Geographic name | Vitnam (Democratic Republic, 1946- ) |
| Linkage | S30760.1 |
| 949 ## - LOCAL PROCESSING INFORMATION (OCLC) | |
| a | DS557.A7 |
| w | lcc |
| i | -108919 |
| m | MAIN |
| t | BOOK |
| l | ON-SHELF |
No items available.